000 00523nam a22002057a 4500
003 LK-CoDNM
005 20241018094609.0
008 241018b |||||||| |||| 00| 0 eng d
040 _aLK-CoDNM
_dLK-CoDNM
_eLK-CoDNM
041 _asin
080 _aප්‍ර.ද
_b25
100 _aUnknown
245 _aදුරුතු හඳ 1954 අංක 4
260 _c1954
300 _a37p ; 22cm
650 _aප්‍ර.ද 25
650 _aදුරුතු හඳ
650 _a1954 අංක 4
942 _cBK
999 _c219922
_d219922